Normal view
MARC view
Entry Topical Term
001 - CONTROL NUMBER
- control field: 704253
003 - CONTROL NUMBER IDENTIFIER
- control field: OSt
005 - DATE AND TIME OF LATEST TRANSACTION
- control field: 20221007102052.0
008 - FIXED-LENGTH DATA ELEMENTS
- fixed length control field: 221007|| aca||aabn | a|a d
040 ## - CATALOGING SOURCE
- Original cataloging agency: OSt
- Transcribing agency: OSt
150 ## - HEADING--TOPICAL TERM
- Topical term or geographic name entry element: ACTS OF PARLIAMENT
670 ## - SOURCE DATA FOUND
- Source citation: Work cat.: (OSt)1178897: INDIA GOVT. (MINISTRY OF LAW) 704252, ACTS OF PARLIAMENT with a table showing the effect of Legislation & an Indian, 2000, 2000
